¿Influyen los ministros de culto sobre la intención de voto? /
Se pretende analizar los factores religiosos que influyeron en la intención de voto de los mexicanos para las elecciones federales del 2003, pues somete a prueba la intuición generalizada sobre la supuesta influencia de los sacerdotes y predicadores en el comportamiento electoral de los ciudadanos y...
Shranjeno v:
| Glavni avtor: | |
|---|---|
| Format: | Texto |
| Teme: | |
| Oznake: |
Označite
Brez oznak, prvi označite!
|
MARC
| LEADER | 00000 a a2200000 04500 | ||
|---|---|---|---|
| 001 | 42682 | ||
| 003 | |||
| 040 | |||
| 100 | |a Díaz Domínguez, Alejandro | ||
| 245 | |a ¿Influyen los ministros de culto sobre la intención de voto? / |c Alejandro Díaz Domínguez | ||
| 520 | |a Se pretende analizar los factores religiosos que influyeron en la intención de voto de los mexicanos para las elecciones federales del 2003, pues somete a prueba la intuición generalizada sobre la supuesta influencia de los sacerdotes y predicadores en el comportamiento electoral de los ciudadanos y demuestra que no hay una influencia directa. Posterior a la recolección de datos, se comprueba que dicha relación no existe, lo cual contrasta con otros estudios. | ||
| 590 | |a KSR/SETIEMBRE2012 | ||
| 650 | |a GRUPOS RELIGIOSOS | ||
| 650 | |a PRACTICAS RELIGIOSAS | ||
| 650 | |a ELECCIONES | ||
| 650 | |a INSTITUCIONES RELIGIOSAS | ||
| 650 | |a MEXICO | ||
| 773 | |g volumen13, número28 (2006), páginas 33-57 : tablas, gráficos | ||
| 999 | |c 23298 |d 23298 | ||
